• 首页
  • 本馆介绍
  • 公告通知
  • 最新文献
  • 馆藏检索
  • 电子资源
  • 读者导购
  • 参考咨询
  • 我的图书馆
  • 登录
  • 详细信息显示
  • 放入我的书架
  • 预约/预借图书
  • 作者相关作品
  • 分类相关作品
  • 丛书相关作品
  • 出版社相关作品

书目信息

  • 表格格式
  • 工作单格式
  • 卡片格式
题名:
教育社会心理学
    
 
作者: 李旷 主编
分册: 上  
出版信息: 南昌   江西高校出版社  2010
页数: 202页
开本: 22cm
丛书名:
单 册:
中图分类: G446
科图分类:
主题词: 教育心理学--社会心理学 , 教育心理学 , 社会心理学
电子资源:
ISBN: 978-7-81033-363-4
000 00799nam0 2200277 45
001 1133535656
005 20110414094305.46
010    @a978-7-81033-363-4@dCNY22.75(全2册45.50)
100    @a20110406d2010 em y0chiy0110 ea
101 0  @achi
102    @aCN@b360000
105    @ay z 000yy
106    @ar
200 1  @a教育社会心理学@AJiao Yu She Hui Xin Li Xue@h上@HShang@f李旷[等]主编@FLi Kuang [ Deng ] Zhu Bian
205    @a2版
210    @a南昌@c江西高校出版社@d2010
215    @a202页@d22cm
300    @a最新教师用书
304    @a作者还有:潘源琛,堵惠娟,王坚
606 0  @a教育心理学@x社会心理学
606 0  @a教育心理学
606 0  @a社会心理学
690    @aG446@v4
701  0 @a李旷@ALi Kuang@4主编
801  0 @aCN@bTANGWEI@c20110414
905    @b0534302-06@dG446@e195:1=2@f5
    
    教育社会心理学.上/李旷[等]主编.-2版.-南昌:江西高校出版社,2010
    202页;22cm
    最新教师用书
    
    ISBN 978-7-81033-363-4:CNY22.75(全2册45.50)
    
●
相关链接 在E读中查询图书 在五车中查询图书 在当当中查询图书 在豆瓣中查询图书


正题名:教育社会心理学     索取号:G446/195:1=2         预约/预借

序号 登录号 条形码 馆藏地/架位号 状态 备注
1 0534302   205343029   第一样本阅览室/ [索取号:G446/195:1=2] 在馆    
2 0534303   205343038   教育系资料室/ [索取号:G446/195:1=2] 在馆    
3 0534304   205343047   第四借阅区/ [索取号:G446/195:1=2] 在馆    
4 0534305   205343056   第四借阅区/ [索取号:G446/195:1=2] 在馆    
5 0534306   205343065   第四借阅区/ [索取号:G446/195:1=2] 在馆    
唐山师范学院图书馆 欢迎您!
大连网信软件有限公司© 版权所有